| 000 | 00364nam a22001097a 4500 | ||
|---|---|---|---|
| 008 | 230718b |||||||| |||| 00| 0 eng d | ||
| 040 |
_aNational Science Library _cNational Science Library |
||
| 245 |
_aTech trade Europe: _bThe international technology marketplace |
||
| 260 |
_aLondon: _bVNU Business Press Group BV, _c1983 |
||
| 650 | _aProject | ||
| 942 |
_2udc _cREF |
||
| 999 |
_c53112 _d53112 |
||